000
00360nam a22001217a 4500
040
_c
HS
082
_a
791
110
_a
NA
245
_a
ផែនការអភិវឌ្ឍន៍យុទ្ធសាស្ត្រលើវិស័យធនធានទឹក និងឧតុនិយម
260
_a
Cambodia
_b
NA
_c
2010
300
_a
72p;
942
_c
KB
999
_c
9343
_d
9343